000
002940000a22001330004500
041
0
_a
SPA
082
0
4
_a
G 861 B462i
100
1
_a
Benedetti, Mario (1920-)
245
1
0
_a
Inventario : Poesía / Mario Benedetti
260
_a
Caracas : Lego
300
_a
384 Pág.
001
14337
942
_c
BK
999
_c
43216
_d
43216